| 000 | 01051cam a2200277 4500 | ||
|---|---|---|---|
| 008 | 090401t1996 xxu||||| |||| 00| 0 eng d | ||
| 020 | _a1900858010 | ||
| 035 | _a(Sirsi) u44418 | ||
| 041 | _aeng | ||
| 050 | _a690.24 | ||
| 100 | _aTodd, Richard M. | ||
| 245 | _aLegislation non-compliance and condition appraisal systems. | ||
| 260 |
_aKingston upon Thames _bBuilding Maintenance Information _c1996 |
||
| 300 | _a31p. ; 30cm. | ||
| 350 | _a0 | ||
| 490 | _aBMI Special Report | ||
| 490 |
_aSerial _v249 |
||
| 520 | _aThis item is part of a subscription service and cannot be photocopied. Neither can any part of it be read out over the phone. Please contact BMI direct on 0171-222-7000 for details. Describes systems developed by Drake and Kannemeyer. | ||
| 650 | _aCONDITION APPRAISAL SYSTEMS | ||
| 650 | _aCONDITION SURVEYS | ||
| 650 | _aLEGISLATION NON-COMPLIANCE SYSTEMS | ||
| 690 | _aBUILDING AND CONSTRUCTION-REPAIRS AND MAINTENANCE | ||
| 710 |
_aBuilding Maintenance Information _93229 |
||
| 942 | _n0 | ||
| 948 | _c04/03/1997 | ||
| 999 |
_c91520 _d91520 |
||